000 00892cam a22002893a 4500
001 2660
003 PGUSA
005 20140828083020.0
008 010601s2001||||xxu|||||s|||||000 | eng d
040 _aPGUSA
_beng
042 _adc
050 4 _aDU
100 1 _aPinkerton, John,
_d1758-1826
245 1 0 _aEarly Australian Voyages :
_bPelsart, Tasman, Dampier
_h[electronic resource] /
_cJohn Pinkerton
260 _bProject Gutenberg,
_c2001
506 _aPublic domain in the USA.
516 _aElectronic text
653 _aDampier, William, 1652-1715
653 _aAustralia -- Discovery and exploration
653 _aPelsaert, Francisco, d. 1630
653 _aVoyages and travels
653 _aTasman, Abel Janszoon, 1603?-1659
700 1 _aMorley, Henry,
_d1822-1894
830 0 _aProject Gutenberg
_v2660
856 4 0 _uhttp://www.gutenberg.org/ebooks/2660
942 _cEB
999 _c231993
_d231993